Statistics for Tier 3 Countries (Trafficking in Persons 2017)

Click here to take the quiz!

General Stats

  • This quiz has been taken 6 times
  • The average score is 14 of 23

Answer Stats

Answer % Correct
Guinea-Bissau
80%
Guinea
80%
Republic of the Congo
80%
South Sudan
80%
Sudan
80%
Eritrea
80%
Iran
80%
Central African Republic
80%
Democratic Republic of the Congo
80%
Burundi
80%
Russia
60%
Syria
60%
Venezuela
60%
Equatorial Guinea
60%
North Korea
60%
Mali
60%
Uzbekistan
40%
Comoros
40%
Turkmenistan
40%
Belize
40%
Belarus
40%
Mauritania
40%
China
40%

Score Distribution

Percentile by Number Answered

Percent of People with Each Score

Your Score History

You have not taken this quiz